000 00389pam a2200157a 44500
008 230515b1967 xxu||||| |||| 00| 0 eng d
020 _aNULL
041 _aENGL
082 _a636.5 NAI
100 _a"NAIKWADI M.A.,"
245 _aKOMBDIPALAN VYAVASAI
250 _a0
260 _aKOLHAPUR
_bNAIKWADI PAKASHAN
_c1967
300 _aNULL
650 _a"PROFESSION,KOMBDIPALAN PROFESSION"
999 _c538440
_d538440